000 01426nam a2200349 a 4500
001 ebr10002881
003 CaPaEBR
006 m u
007 cr cn|||||||||
008 000905s2001 sz a sb i001 0 eng d
010 _z 2001372143
020 _z9221113914
040 _aCaPaEBR
_cCaPaEBR
035 _a(OCoLC)70769047
050 1 4 _aHD5710.75.B3
_bP37 2001eb
100 1 _aParatian, Rajendra.
245 1 0 _aBangladesh
_h[electronic resource] /
_cRajendra Paratian and Raymond Torres.
260 _aGeneva :
_bInternational Labour Office,
_c2001.
300 _axiv, 87 p. :
_bill.
490 1 _aStudies on the social dimensions of globalization
504 _aIncludes bibliographical references (p. 79-81) and index.
533 _aElectronic reproduction.
_bPalo Alto, Calif. :
_cebrary,
_d2013.
_nAvailable via World Wide Web.
_nAccess may be limited to ebrary affiliated libraries.
650 0 _aForeign trade and employment
_zBangladesh.
650 0 _aInternational economic integration
_xSocial aspects.
650 0 _aGlobalization
_xSocial aspects.
651 0 _aBangladesh
_xSocial conditions.
655 7 _aElectronic books.
_2local
700 1 _aTorres, Raymond.
710 2 _aebrary, Inc.
830 0 _aStudies on the social dimensions of globalization.
856 4 0 _uhttp://site.ebrary.com/lib/rucke/Doc?id=10002881
_zAn electronic book accessible through the World Wide Web; click to view
999 _c3095
_d3095